The Rayon Industry

Gespeichert in:
Bibliographische Detailangaben
1. Verfasser: Avram, Mois H.
Format: Buch
Sprache:Undetermined
Veröffentlicht: New York D. Van Nostrand Company 1927
Schlagworte:
Tags: Tag hinzufügen
Keine Tags, Fügen Sie den ersten Tag hinzu!
Thư viện lưu trữ: Trung tâm Học liệu Trường Đại học Cần Thơ
LEADER 00493nam a2200193Ia 4500
001 CTU_85173
008 210402s9999 xx 000 0 und d
082 |a 338 
082 |b A963 
100 |a Avram, Mois H. 
245 4 |a The Rayon Industry 
245 0 |c Mois H. Avram 
260 |a New York 
260 |b D. Van Nostrand Company 
260 |c 1927 
650 |a Industrial policy 
650 |z United states 
904 |i Năm 
980 |a Trung tâm Học liệu Trường Đại học Cần Thơ